| 000 | 01203nam a2200205 i 4500 | ||
|---|---|---|---|
| 001 | 158802 | ||
| 003 | ES-MaACL | ||
| 005 | 20250907063121.0 | ||
| 008 | 931025s1651 sp |||| | spa d | ||
| 100 | 0 |
_aMárquez, Juan, _d1565-1621 _977009 |
|
| 245 | 1 | 3 |
_aEl Gouernador christiano : _bdeducido de las vidas de Moysen y Iosue, principes del pueblo de Dios / _cpor el maestro Fray Iuan Marquez, de la Orden de San Agustin... ; con cuatro tablas copiosas : la primera de los capitulos, la segunda de las questiones, la tercera de las cosas notables, y la cuarta de los lugares de la escritura. |
| 260 |
_aEn Madrid : _bpor Gregorio Rodriguez : _ba costa de Antonio Ribero..., _c1651. |
||
| 300 |
_a[8], 401, [44] p. ; _cFol. |
||
| 597 | _aSign.: [calderón]4, A-Z8, 2A-2E8, 2F2, 2G1. | ||
| 597 | _aPort. con orla tip., a dos tintas y esc. xil. | ||
| 650 | 7 |
_aEducación de príncipes _2embne _912100 |
|
| 650 | 4 |
_aÉtica política- _zEspaña. _9151908 |
|
| 852 |
_aES-MaACL _jR-1111 _z- Enc. piel azul marino grabada, con hierros dorados, en caja rígida _z- Ex-libris ms.: "Este tomo es de Fr. Man. Pérez, hijo del Monasterio de la Regina?" _xOlim:G-1650 |
||
| 999 |
_c158802 _d158802 |
||